000 00329nam a2200121Ia 4500
008 220204s9999 xx 000 0 und d
082 _a65:331.36
_bWAT
100 _aWatson, Charles E
245 0 _aManagement development through training
260 _aLondon
_bAddison Wesley
_c1979
650 _aManagement training
942 _cBK
999 _c35385
_d35385